000 00473nam a2200145Ia 4500
008 151213s9999 xx 000 0 und d
100 _aShahanara Alom and Husniara Huq
245 _aM.Azizul Huque Life Sketch and Selected Writing
_cShahanara Alom and Husniara Huq
260 _aDhaka
_bZaman Printers and Packeging
_c1984
300 _a8871 p.
650 _aEnglish Literature
650 _aEnglish Literature
700 _aShahanara Alom and Husniara Huq
999 _c4656
_d4656